I bambini nel cassetto. (Record n. 212065)

Dettagli MARC
000 -LEADER
campo di controllo lung. fissa 01429nam a2200229Ia 4500
001 - Numero di controllo
campo di controllo b5120-33885
003 - Identificatore del numero di controllo
campo di controllo IT-MiCISF
005 - Data e orario dell'ultima transazione
campo di controllo 20230307105518.0
008 - Elementi di lunghezza fissa--Informazione generale
campo di controllo lung. fissa 161014s9999||||xx |||||||||||||| ||und||
040 ## - Fonte della catalogazione
Agenzia catalografica originale IT-MiCISF
Agenzia che fa la trascrizione IT-MiCISF
041 ## - Codice di lingua
Codice di lingua del testo/traccia sonora o titolo separato it
100 ## - Accesso principale -- nome di persona
Nome di persona Mengarelli Flamigni Marina
9 (RLIN) 59609
245 #0 - Formulazione del titolo
Titolo I bambini nel cassetto.
Complemento del titolo Le molte facce della procreazione: uno sguardo socio-culturale sulla fertilità e sulla infertilità
260 ## - Pubblicazione, distribuzione, ecc. (stampa)
Luogo di pubblicazione, distribuzione, ecc. Milano,
Nome dell'editore, distributore, ecc. Franco Angeli,
Data di pubblicazione, distribuzione, ecc. 2001
300 ## - Descrizione fisica
Estensione pp. 127
500 ## - Nota generale
Nota generale / procreazione, sociologia, maternità, sterilità, procreazione-artificiale /
520 ## - Riassunto, ecc.
Nota di riassunto, ecc. Il problema culturale qui affrontato è il "mandato generativo", visto come fattore potente, originario, in qualche modo inevitabile per il pensiero femminile sulla propria identità e sul proprio futuro. Tuttavia la società contemporanea - e la donna in essa - si misura oggi con una duplice possibilità "negativa" rispetto alla procreazione: da un lato il rifiuto consapevole della generatività (libera scelta di non procreare), dall'altro la sterilità (impotenza generativa, limite imposto dalla natura). Vengono proposti alcuni spunti di riflessione – non sempre condivisibili - con linguaggio non specialistico e con una rilevante attenzione alla dimensione relazionale di tali problemi.
650 ## - Accesso aggiunto di soggetto--termine topico
Termine topico o nome geografico come accesso procreazione
Termine di ruolo 006
9 (RLIN) 56309
654 ## - Accesso aggiunto di soggetto--termini topici faccettati
Termine principale saggio
942 ## - Dati aggiuntivi (Koha)
Tipo copia default (Koha) LIBRO
Fonte della classificazione o dello schema di collocazione (segnatura) Dewey Decimal Classification
999 ## - Sys Number locale (Koha)
Koha Dewey Subclass [OBSOLETE] si
Dati di copia
Ritirato (status) Perso (status) Danneggiato (status) Non per il presito Biblioteca proprietaria Biblioteca in cui si trova Data d'acquisizione Totale prestiti Collocazione Data ultima operazione Prezzo in vigore dal Tipo copia default (Koha) Nota pubblica
    Buone Condizioni Not For Loan CISF - Milano CISF - Milano 14/10/2016   b5120-33885 14/10/2016 14/10/2016 LIBRO Data import 15.10.2016 / by Epidotti, Vaglietti
CREDITS: SOCIETA' SAN PAOLO Via A.Severo, 58 - ROMA (RM) & PERIODICI SAN PAOLO SRL Via Giotto, 36 MILANO & CISF Via Giotto, 36 MILANO & EDIZIONI SAN PAOLO SRL,  Piazza Soncino, 5 CINISELLO BALSAMO (MI) -- ITALY